000 00942nam a22002177a 4500
999 _c3268
_d3268
003 OSt
005 20231110081812.0
008 231110b ||||| |||| 00| 0 eng d
020 _a9789670683416
040 _cKH8
082 _a400 SUR
100 _aSuriani Zulkifli,
_eauthor.
245 _aKejadian Tanah Runtuh /
_cSuriani Zulkifli.
260 _aKuala Lumpur ;
_bPustaka Akal Ilmu,
_c2018.
300 _a24 pages :
_bcolor illustrations ;
_c19 cm x 26 cm.
440 _aMari Pelajari Tentang Bencana Alam
520 _aUntuk menyuburkan minat membaca dalam kalangan pembaca cilik, penulis telah menyampaikan cerita dengan menggunakan gaya bahasa yang mudai difahami serta disulami dengan ilustrasi yang menarik. Pembaca juga dapat menambahkan kosa kata mereka melalui perkataan sukar yang ditemui ileh mereka dalam buku ini.
650 _aStory book
_vMalay language
830 _aMari Pelajari Tentang Bencana Alam
942 _2ddc
_cTR